Assessment for education leaders

সংরক্ষণ করুন:
গ্রন্থ-পঞ্জীর বিবরন
প্রধান লেখক: Popham, James W.
বিন্যাস: গ্রন্থ
ভাষা:Undetermined
প্রকাশিত: Boston Pearson 2006
বিষয়গুলি:
ট্যাগগুলো: ট্যাগ যুক্ত করুন
কোনো ট্যাগ নেই, প্রথমজন হিসাবে ট্যাগ করুন!
Thư viện lưu trữ: Trung tâm Học liệu Trường Đại học Cần Thơ
LEADER 00556nam a2200205Ia 4500
001 CTU_117491
008 210402s9999 xx 000 0 und d
020 |c 38.98 
082 |a 371.2 
082 |b P827 
100 |a Popham, James W. 
245 0 |a Assessment for education leaders 
245 0 |c James W. Popham 
260 |a Boston 
260 |b Pearson 
260 |c 2006 
650 |a School administrators,Educational leadership 
650 |x Rating of,Evaluation 
904 |i Tuyến 
980 |a Trung tâm Học liệu Trường Đại học Cần Thơ